MARC details
| 000 -LEADER |
| fixed length control field |
04417cam a2200613 i 4500 |
| 001 - CONTROL NUMBER |
| control field |
23194081 |
| 005 - DATE AND TIME OF LATEST TRANSACTION |
| control field |
20250428113752.0 |
| 008 - FIXED-LENGTH DATA ELEMENTS--GENERAL INFORMATION |
| fixed length control field |
230621t20222022nju b 001 0 eng d |
| 010 ## - LIBRARY OF CONGRESS CONTROL NUMBER |
| LC control number |
2023394119 |
| 016 7# - NATIONAL BIBLIOGRAPHIC AGENCY CONTROL NUMBER |
| Record control number |
020744268 |
| Source |
Uk |
| 020 ## - INTERNATIONAL STANDARD BOOK NUMBER |
| International Standard Book Number |
9780691229751 |
| 020 ## - INTERNATIONAL STANDARD BOOK NUMBER |
| International Standard Book Number |
0691229759 |
| 035 ## - SYSTEM CONTROL NUMBER |
| System control number |
(OCoLC)on1306201771 |
| 037 ## - SOURCE OF ACQUISITION |
| Terms of availability |
TB |
| 040 ## - CATALOGING SOURCE |
| Original cataloging agency |
CRL |
| Language of cataloging |
eng |
| Description conventions |
rda |
| Transcribing agency |
CRL |
| Modifying agency |
CRL |
| 041 ## - LANGUAGE CODE |
| Source of code |
eng |
| Language code of text/sound track or separate title |
eng |
| 042 ## - AUTHENTICATION CODE |
| Authentication code |
lccopycat |
| 043 ## - GEOGRAPHIC AREA CODE |
| Geographic area code |
n-us--- |
| 050 00 - LIBRARY OF CONGRESS CALL NUMBER |
| Classification number |
HV9276.5 |
| Item number |
.S54 2022 |
| 084 ## - COLON CLASSIFICATION NUMBER |
| Classification number |
Y:4:62 R2 |
| Assigning agency |
CRL |
| 100 1# - MAIN ENTRY--PERSONAL NAME |
| Personal name |
Shelby, Tommie, |
| Dates associated with a name |
1967- |
| Relator term |
author. |
| Relationship |
aut |
| 9 (RLIN) |
753097 |
| 245 14 - TITLE STATEMENT |
| Title |
The idea of prison abolition |
| 260 ## - PUBLICATION, DISTRIBUTION, ETC. |
| Place of publication, distribution, etc. |
Princeton, USA: |
| Name of publisher, distributor, etc. |
Princeton University Press, |
| Date of publication, distribution, etc. |
2022. |
| 264 #1 - PRODUCTION, PUBLICATION, DISTRIBUTION, MANUFACTURE, AND COPYRIGHT NOTICE |
| Date of production, publication, distribution, manufacture, or copyright notice |
[2022] |
| 264 #4 - PRODUCTION, PUBLICATION, DISTRIBUTION, MANUFACTURE, AND COPYRIGHT NOTICE |
| Date of production, publication, distribution, manufacture, or copyright notice |
©2022 |
| 300 ## - PHYSICAL DESCRIPTION |
| Extent |
xii, 231p. |
| Dimensions |
21 cm. |
| 336 ## - CONTENT TYPE |
| Content type term |
text |
| Content type code |
txt |
| Source |
rdacontent |
| 337 ## - MEDIA TYPE |
| Media type term |
unmediated |
| Media type code |
n |
| Source |
rdamedia |
| 338 ## - CARRIER TYPE |
| Carrier type term |
volume |
| Carrier type code |
nc |
| Source |
rdacarrier |
| 365 ## - TRADE PRICE |
| Price amount |
29.95 |
| Currency code |
USD |
| 490 1# - SERIES STATEMENT |
| Series statement |
Carl G. Hempel lecture series |
| 504 ## - BIBLIOGRAPHY, ETC. NOTE |
| Bibliography, etc. note |
Includes bibliographical reference (pages 203-219) and index. |
| 505 00 - FORMATTED CONTENTS NOTE |
| Miscellaneous information |
Introduction: |
| Title |
Reform or abolition? -- |
| -- |
Army of the wronged : political prisoners and Black radicalism -- |
| -- |
The uses and abuses of incarceration : punishment, dehumanization, and slavery -- |
| -- |
A broken system? : racism and functional critique -- |
| -- |
The prison industrial complex : profit, privatization, and the circumstances of injustice -- |
| -- |
Responding to crime : incarceration and its alternatives -- |
| -- |
Dreaming big : utopian imagination and structural transformation. |
| 520 ## - SUMMARY, ETC. |
| Summary, etc. |
"An incisive and sympathetic examination of the case for ending the practice of imprisonment. Despite its omnipresence and long history, imprisonment is a deeply troubling practice. In the United States and elsewhere, prison conditions are inhumane, prisoners are treated without dignity, and sentences are extremely harsh. Mass incarceration and its devastating impact on black communities have been widely condemned as neoslavery or "the new Jim Crow." Can the practice of imprisonment be reformed, or does justice require it to be ended altogether? In The Idea of Prison Abolition, Tommie Shelby examines the abolitionist case against prisons and its formidable challenge to would-be prison reformers. Philosophers have long theorized punishment and its justifications, but they haven't paid enough attention to incarceration or its related problems in societies structured by racial and economic injustice. Taking up this urgent topic, Shelby argues that prisons, once reformed and under the right circumstances, can be legitimate and effective tools of crime control. Yet he draws on insights from black radicals and leading prison abolitionists, especially Angela Davis, to argue that we should dramatically decrease imprisonment and think beyond bars when responding to the problem of crime. While a world without prisons might be utopian, The Idea of Prison Abolition makes the case that we can make meaningful progress toward this ideal by abolishing the structural injustices that too often lead to crime and its harmful consequences." |
| Assigning source |
--book jacket. |
| 648 #7 - SUBJECT ADDED ENTRY--CHRONOLOGICAL TERM |
| Chronological term |
2000-2099 |
| Source of heading or term |
fast |
| 9 (RLIN) |
753098 |
| 650 #0 - SUBJECT ADDED ENTRY--TOPICAL TERM |
| Topical term or geographic name entry element |
Imprisonment |
| Geographic subdivision |
United States. |
| 9 (RLIN) |
753099 |
| 650 #0 - SUBJECT ADDED ENTRY--TOPICAL TERM |
| Topical term or geographic name entry element |
Imprisonment |
| General subdivision |
Social aspects |
| Geographic subdivision |
United States. |
| 9 (RLIN) |
753100 |
| 650 #0 - SUBJECT ADDED ENTRY--TOPICAL TERM |
| Topical term or geographic name entry element |
Prison abolition movements. |
| 9 (RLIN) |
753101 |
| 650 #0 - SUBJECT ADDED ENTRY--TOPICAL TERM |
| Topical term or geographic name entry element |
Alternatives to imprisonment. |
| 9 (RLIN) |
753102 |
| 650 #7 - SUBJECT ADDED ENTRY--TOPICAL TERM |
| Topical term or geographic name entry element |
PHILOSOPHY / Ethics & Moral Philosophy. |
| Source of heading or term |
bisacsh |
| 9 (RLIN) |
753103 |
| 650 #7 - SUBJECT ADDED ENTRY--TOPICAL TERM |
| Topical term or geographic name entry element |
Alternatives to imprisonment. |
| Source of heading or term |
fast |
| Authority record control number or standard number |
(OCoLC)fst00806191 |
| 9 (RLIN) |
753102 |
| 650 #7 - SUBJECT ADDED ENTRY--TOPICAL TERM |
| Topical term or geographic name entry element |
Imprisonment. |
| Source of heading or term |
fast |
| Authority record control number or standard number |
(OCoLC)fst00968277 |
| 9 (RLIN) |
753104 |
| 650 #7 - SUBJECT ADDED ENTRY--TOPICAL TERM |
| Topical term or geographic name entry element |
Imprisonment |
| General subdivision |
Social aspects. |
| Source of heading or term |
fast |
| Authority record control number or standard number |
(OCoLC)fst00968294 |
| 9 (RLIN) |
753105 |
| 650 #7 - SUBJECT ADDED ENTRY--TOPICAL TERM |
| Topical term or geographic name entry element |
Social conditions. |
| Source of heading or term |
fast |
| Authority record control number or standard number |
(OCoLC)fst01919811 |
| 651 #0 - SUBJECT ADDED ENTRY--GEOGRAPHIC NAME |
| Geographic name |
United States |
| General subdivision |
Social conditions |
| Chronological subdivision |
21st century. |
| 9 (RLIN) |
753106 |
| 651 #7 - SUBJECT ADDED ENTRY--GEOGRAPHIC NAME |
| Geographic name |
United States. |
| Source of heading or term |
fast |
| Authority record control number or standard number |
(OCoLC)fst01204155 |
| 655 #7 - INDEX TERM--GENRE/FORM |
| Genre/form data or focus term |
Informational works. |
| Source of term |
lcgft |
| 9 (RLIN) |
753107 |
| 776 08 - ADDITIONAL PHYSICAL FORM ENTRY |
| Relationship information |
Online version: |
| Main entry heading |
Shelby, Tommie, 1967- |
| Title |
Idea of prison abolition. |
| Place, publisher, and date of publication |
Princeton : Princeton University Press, [2022] |
| International Standard Book Number |
9780691229775 |
| Record control number |
(OCoLC)1336989770 |
| 830 #0 - SERIES ADDED ENTRY--UNIFORM TITLE |
| Uniform title |
Carl G. Hempel lecture series. |
| 9 (RLIN) |
753108 |
| 906 ## - LOCAL DATA ELEMENT F, LDF (RLIN) |
| a |
7 |
| b |
cbc |
| c |
copycat |
| d |
2 |
| e |
ncip |
| f |
20 |
| g |
y-gencatlg |
| 942 ## - ADDED ENTRY ELEMENTS (KOHA) |
| Source of classification or shelving scheme |
Colon Classification (CC) |
| Koha item type |
Textbook |
| Classification part |
Y:4:62 R2 |
| Suppress in OPAC |
No |